000 00460nam a2200181Ia 4500
001 22386
005 20260414150828.0
008 260414t2009||||xx |||||||||||||| ||spa||
041 _aESP
082 _a621.38043
_bA36
100 _aAlbiol, Antonio
_eAUT
245 0 _aTratamiento digital de la señal :
_bteoría y aplicaciones
260 _c2009
300 _axiv, 253 páginas :
_c23 cm.
650 _aTCA
654 _aCET
942 _cLIB
_dJUS
_fJUS
_2ddc
_n
999 _c22386
_d22386